Bandeiras Das Capitais Estaduais do Brasil - Statistics

Estatísticas Gerais
  • Esse quiz foi jogado 447 vezes
  • A pontuação média é 18 de 26
Estatísticas das Respostas
Imagem Resposta % Correto
Rio de Janeiro
92%
São Paulo
91%
Curitiba
85%
Belo Horizonte
83%
Natal
83%
Cuiabá
82%
Rio Branco
80%
Recife
79%
Maceio
73%
Porto Alegre
73%
Vitoria
72%
Palmas
71%
Florianópolis
69%
Teresina
69%
Fortaleza
68%
Aracaju
64%
Salvador
64%
Manaus
60%
João Pessoa
59%
Boa Vista
57%
Goiania
57%
Macapá
55%
Porto Velho
54%
Campo Grande
52%
Belém
51%
São Luis
49%
Nenhum quiz correspondente encontrado
Distribuição das Pontuações
Porcentagem de Pessoas com Cada Pontuação
Percentil de Números Respondidos
Sua Pontuação Histórica
Você não jogou esse quiz